Normal view MARC view

Entry Personal Name

Number of records used in: 1

001 - CONTROL NUMBER

  • control field: 8429

003 - CONTROL NUMBER IDENTIFIER

  • control field: OSt

005 - DATE AND TIME OF LATEST TRANSACTION

  • control field: 20160502162713.0

008 - FIXED-LENGTH DATA ELEMENTS

  • fixed length control field: 160502|| aca||aabn | a|a d

040 ## - CATALOGING SOURCE

  • Original cataloging agency: OSt
  • Transcribing agency: OSt

100 ## - HEADING--PERSONAL NAME

  • Personal name: Miller, Molly M.,
  • Dates associated with a name: 1953-

670 ## - SOURCE DATA FOUND

  • Source citation: Work cat.: (OSt)3844: Lawless, Jo A., 8427, Understanding CLOS :, 1991.